000 00353nam a22001217a 4500
008 210303b ||||| |||| 00| 0 eng d
020 _a9789998037052
082 _a954.98 BHU
245 _aBhutan Cultural Atlas : Zhemgang District
260 _aTrongsa :
_bCollege of Language and Culture Studies,
_c2019.
300 _a104 p.
_bill,
_c27 cm.
942 _2ddc
999 _c8645
_d8646